00324nam a2200121Ia 4500008004100000082001500041100001800056245005900074250001300133260003100146300000800177650001700185191201s2011 xx 000 0 und d a658.1bMIM aMITHANI, D.M. 0aMoney, Banking, International Trade and Public Finance a20th Rev aMumbaibHimalaya Pubc2020 a734 aBA Economics